000 00358pab a2200145 454500
008 180718b1985 xxu||||| |||| 00| 0 eng d
100 _aCraythorne, D.L.
245 _aA municipal ombudsman for cape town
260 _c1985
300 _a129-33
362 _aSept.
650 _aOmbudsman
773 _aSaipa, Jr. of Public Administration
909 _a14395
999 _c14395
_d14395